Rosenborg players (2010-2020) - Statistics

General Stats
  • This quiz has been taken 5 times
  • The average score is 18 of 97
Answer Stats
Rank Player Positions Nationality Matches Goals (assists) Period % Correct
47 Alexander Lund Hansen GK 34 0 (0) 2011-2014
100%
6 André Hansen GK 130 0 (0) 2014-2018
100%
1 Mike Jensen CM 197 36 (37) 2012-2018
100%
18 Markus Henriksen CB 75 11 (9) 2009-2011
80%
3 Mikael Dorsin LB 159 15 (23) 2009-2014
80%
5 Pål André Helland RW 135 37 (37) 2009-2009, 2012-2018
80%
2 Tore Reginiussen CB 164 15 (5) 2011-2018
80%
4 Jonas Svensson RB 157 11 (28) 2010-2015
60%
31 Mushaga Bakenga ST 50 20 (3) 2009-2010, 2015-2016
60%
25 Nicklas Bendtner ST 57 24 (6) 2016-2018
60%
12 Ole Selnæs DM 87 4 (12) 2011-2014
60%
16 Birger Meling LB 76 1 (10) 2016-2018
40%
71 Bjørn Johnsen ST 11 5 (0) 2018-2018
40%
72 Emil Konradsen Ceide LW 11 0 (2) 2017-2018
40%
68 Erlend Dahl Reitan RB 13 2 (0) 2015-2017
40%
29 Even Hovland CB 55 5 (2) 2017-2018
40%
10 Fredrik Midtsjø CM 96 12 (22) 2010-2012, 2014-2016
40%
23 Mikael Lustig RB 59 9 (13) 2009-2010
40%
94 Mikael Tørset Johnsen AM 2 0 (0) 2018-2018
40%
39 Nicki Bille ST 38 11 (6) 2012-2013
40%
30 Steffen Iversen CF 51 20 (6) 2009-2009, 2011-2011
40%
46 Trond Olsen LW 36 6 (6) 2009-2010
40%
8 Alexander Søderlund ST 118 54 (18) 2012-2014, 2017-2018
20%
82 Alexander Sørloth ST 6 0 (0) 2013-2013
20%
11 Anders Konradsen DM 95 18 (9) 2014-2018
20%
86 Besim Serbecic CB 4 0 (0) 2017-2017
20%
49 Christian Gytkjær ST 28 19 (0) 2015-2015
20%
7 Daniel Örlund GK 119 0 (1) 2009-2013
20%
65 Djordje Denic CM 17 0 (2) 2017-2018
20%
44 Gjermund Åsen CM 36 1 (4) 2009-2010, 2018-2018
20%
61 Jacob Rasmussen CB 20 0 (2) 2016-2017
20%
38 Jim Larsen CB 40 8 (2) 2010-2011
20%
87 John Hou Saeter AM 4 0 (0) 2013-2014
20%
53 Jonathan Levi RW 26 4 (2) 2016-2017
20%
9 Jørgen Skjelvik LB 108 4 (6) 2012-2016
20%
27 Marius Lundemo DM 56 3 (2) 2016-2018
20%
55 Milan Jevtovic LW 25 9 (2) 2016-2016
20%
24 Mix Diskerud CM 59 5 (5) 2011-2013
20%
85 Morten Konradsen CM 5 0 (0) 2016-2017
20%
34 Per Ciljan Skjelbred CM 44 2 (6) 2009-2010
20%
17 Rade Prica ST 76 40 (7) 2009-2011
20%
83 Rafik Zekhnini LW 6 0 (0) 2017-2017
20%
32 Riku Riski RW 48 9 (6) 2013-2015
20%
43 Samuel Adegbenro LW 37 10 (5) 2016-2018
20%
97 Sivert Solli RW 1 0 (0) 2015-2015
20%
58 Tarik Elyounoussi ST 24 6 (5) 2011-2012
20%
15 Tobias Mikkelsen RW 80 14 (13) 2012-2014
20%
13 Vegar Hedenstad RB 81 4 (19) 2016-2018
20%
19 Yann-Erik de Lanlay CM 71 10 (4) 2014-2018
20%
79 Abdou Traoré AM 8 0 (0) 2009-2009
0%
75 Adam Kwarasey GK 9 0 (0) 2015-2015
0%
48 Alejandro Lago CB 28 0 (1) 2009-2010
0%
40 Alex Gersbach LB 37 0 (3) 2015-2017
0%
26 Anders Trondsen LB 56 4 (8) 2016-2018
0%
95 Andreas Helmersen ST 1 0 (0) 2016-2016
0%
52 Anthony Annan DM 26 0 (1) 2009-2009
0%
73 Arild Østbø GK 10 0 (0) 2016-2018
0%
88 Bakary Bouba Saré CM 3 0 (0) 2009-2009
0%
28 Borek Dockal AM 55 14 (16) 2010-2012
0%
93 Boti Goa Demel ST 2 0 (0) 2010-2010
0%
89 Brede Moe CB 3 0 (0) 2012-2012
0%
37 Cristian Gamboa RB 40 0 (1) 2011-2013
0%
59 Daniel Berntsen CM 22 1 (1) 2011-2013
0%
33 Daniel Fredheim Holm RW 45 4 (9) 2010-2011
0%
60 David Akintola RW 21 5 (2) 2018-2018
0%
96 Edvard Tagseth CM 1 0 (0) 2018-2018
0%
51 Elbasan Rashani LW 27 3 (6) 2015-2016
0%
84 Emil Nielsen ST 5 0 (0) 2014-2014
0%
67 Erik Botheim ST 16 4 (0) 2016-2018
0%
90 Erik Mellevold Brathen GK 3 0 (0) 2010-2010
0%
35 Fredrik Winsnes CM 43 1 (9) 2009-2010
0%
56 Gudmundur Thórarinsson LB 24 1 (4) 2015-2015
0%
69 Gustav Valsvik CB 13 1 (1) 2018-2018
0%
22 Hólmar Örn Eyjólfsson CB 65 4 (7) 2013-2015
0%
80 Issam Jebali ST 7 3 (2) 2017-2017
0%
91 Jaime Alás LB 3 0 (0) 2011-2011
0%
36 Johan Bjørdal CB 43 2 (1) 2014-2016
0%
20 John Chibuike CF 66 19 (8) 2010-2013
0%
41 Jon Inge Høiland RB 37 0 (1) 2010-2012
0%
81 Kjell Rune Sellin ST 7 2 (0) 2009-2009
0%
62 Kris Stadsgaard CB 20 0 (0) 2009-2009
0%
76 Liam Henderson CM 9 3 (0) 2014-2014
0%
66 Magnus Stamnestrø CM 17 0 (2) 2014-2015
0%
21 Matthías Vilhjálmsson AM 66 14 (9) 2014-2017
0%
77 Mattias Bjärsmyr CB 9 0 (1) 2009-2010
0%
78 Michael Jamtfall RW 9 2 (0) 2009-2010
0%
57 Mohammed-Awal Issah DM 24 0 (0) 2010-2011
0%
50 Morten Gamst Pedersen CM 28 3 (8) 2013-2014
0%
42 Morten Moldskred LW 37 8 (7) 2009-2010
0%
92 Pavel Londak GK 3 0 (0) 2015-2015
0%
45 Per Verner Rønning CB 36 2 (1) 2010-2013
0%
74 Peter Ankersen RB 10 0 (1) 2011-2011
0%
70 Roar Strand CM 13 3 (0) 2009-2009
0%
63 Simen Wangberg CB 20 2 (1) 2009-2011
0%
14 Stefan Strandberg CB 80 4 (5) 2011-2014
0%
64 Tomas Malec ST 20 6 (1) 2013-2014
0%
54 Vadim Demidov CB 26 0 (0) 2009-2009
0%
No matching quizzes found
Score Distribution
Percent of People with Each Score
Percentile by Number Answered
Your Score History
You have not taken this quiz